[Event "Køge Bugt Sommer 2011"]
[Site "Solrod Skole"]
[Date "2011.08.17"]
[Round "1.1"]
[White "Pondal, Jesper"]
[Black "Petrovski, Petruli"]
[Result "0-1"]
[WhiteElo "1848"]
[BlackElo "1724"]
[PlyCount "100"]
[EventDate "2011.??.??"]
[WhiteTeam "Køge Skakklub"]
[BlackTeam "Skakklub Perlen"]

1. d4 Nf6 2. Bg5 e6 3. Nf3 h6 4. Bh4 Be7 5. Nbd2 d5 6. e3 Nbd7 7. Bd3 O-O 8. c3
b6 9. Qe2 Bb7 10. O-O Ne4 11. Bxe7 Qxe7 12. Ne1 Nxd2 13. Qxd2 e5 14. f4 e4 15.
Be2 f5 16. c4 Nf6 17. Rc1 dxc4 18. Bxc4+ Bd5 19. Qc3 Kh8 20. g3 Rfd8 21. Ng2
Kh7 22. Rf2 Rd7 23. Rfc2 Rad8 24. Bb5 c6 25. Bxc6 Rc7 26. Qd2 Bxa2 27. Bb5 Rxc2
28. Qxc2 Be6 29. Qc7 Qxc7 30. Rxc7 Rc8 31. Rxc8 Bxc8 32. Bc4 g6 33. Kf1 Kg7 34.
Ke2 a6 35. Ne1 b5 36. Bb3 a5 37. Kd2 Kf8 38. Kc3 Ng4 39. Ng2 Nxh2 40. d5 Nf1
41. Kd4 Nxg3 42. d6 h5 43. Ke5 Nf1 44. Bd5 Bd7 45. Kf6 h4 46. Nxh4 Nxe3 47.
Nxg6+ Ke8 48. Bf7+ Kd8 49. Nh8 Ng4+ 50. Kg5 e3 0-1

[Event "Køge Bugt Sommer 2011"]
[Site "Solrod Skole"]
[Date "2011.08.17"]
[Round "1.2"]
[White "Orup, Kim Amdi"]
[Black "Zivkovic, Milenko"]
[Result "1-0"]
[WhiteElo "1662"]
[BlackElo "1827"]
[PlyCount "73"]
[EventDate "2011.??.??"]
[WhiteTeam "Solrød Skakklub"]
[BlackTeam "Skakklub Perlen"]

1. e4 e5 2. Bc4 Nf6 3. Nc3 Nc6 4. Nf3 Nxe4 5. Bxf7+ Kxf7 6. Nxe4 d5 7. Neg5+
Kg8 8. d4 h6 9. Nh3 Bg4 10. Qd2 Bxf3 11. gxf3 Nxd4 12. Qd3 Qf6 13. Ng1 c5 14.
c3 c4 15. Qd1 Bb4 16. Bd2 Qg6 17. cxd4 Qg2 18. Bxb4 Re8 19. Qa4 Qxh1 20. O-O-O
Kh7 21. dxe5 d4 22. Qd7 Rxe5 23. Qxd4 Rhe8 24. Bc3 R5e7 25. Qg4 Qxh2 26. Nh3
Qc7 27. Qf5+ g6 28. Qg4 Qc6 29. Rh1 Kg8 30. Nf4 Kh7 31. Qh3 g5 32. Qf5+ Kg8 33.
Nd5 Rf7 34. Nf6+ Kf8 35. Rxh6 Ke7 36. Nd5+ Kd8 37. Qxf7 1-0

[Event "Køge Bugt Sommer 2011"]
[Site "Solrod Skole"]
[Date "2011.08.17"]
[Round "1.3"]
[White "Krogh, Peter Ove"]
[Black "Kristensen, Benny"]
[Result "0-1"]
[WhiteElo "1756"]
[BlackElo "1628"]
[PlyCount "114"]
[EventDate "2011.??.??"]
[WhiteTeam "Køge Skakklub"]
[BlackTeam "Skovbo Skakklub"]

1. c4 e6 2. Nc3 f5 3. g3 Nf6 4. Bg2 Be7 5. d3 O-O 6. e3 d6 7. Nge2 c6 8. e4 e5
9. O-O Be6 10. exf5 Bxf5 11. d4 Nbd7 12. h3 Qe8 13. g4 Bg6 14. f4 exd4 15. Nxd4
Bf7 16. Re1 Qd8 17. Nf5 Re8 18. b3 Bf8 19. Kh2 Qc7 20. Be3 Rad8 21. Qd2 Nb6 22.
Bd4 d5 23. c5 Nbd7 24. Qf2 Bg6 25. Ng3 Rxe1 26. Rxe1 Re8 27. Rxe8 Bxe8 28. Kg1
Bg6 29. f5 Bf7 30. Nce2 Qa5 31. g5 Ne4 32. Bxe4 dxe4 33. Nxe4 Qxa2 34. b4 Qb1+
35. Kh2 Qxe4 36. f6 g6 37. Ng3 Qe8 38. h4 Bd5 39. Kg1 b6 40. Kh2 bxc5 41. bxc5
a5 42. Ne2 Ne5 43. Kg3 Qe6 44. Qf4 Nd3 45. f7+ Qxf7 46. Qe3 Nxc5 47. Nf4 Ne4+
48. Kh2 Bd6 49. Bf6 Nxf6 50. gxf6 Bxf4+ 51. Qxf4 a4 52. Qd6 Qf8 53. Qe5 a3 54.
Kg3 a2 55. Kg4 Qb4+ 56. Kg5 Qd2+ 57. Kg4 Qg2+ 0-1

[Event "Køge Bugt Sommer 2011"]
[Site "Solrod Skole"]
[Date "2011.08.17"]
[Round "1.4"]
[White "Sørensen, Aron Frank"]
[Black "Hansen, Erik Levin"]
[Result "1-0"]
[WhiteElo "1489"]
[BlackElo "1584"]
[PlyCount "71"]
[EventDate "2011.??.??"]
[WhiteTeam "Solrød Skakklub"]
[BlackTeam "Haslev Skakklub"]

1. c4 Nf6 2. Nc3 g6 3. d4 d5 4. cxd5 Nxd5 5. e4 Nxc3 6. bxc3 Bg7 7. Bc4 O-O 8.
Be3 c5 9. Ne2 Nc6 10. O-O Qc7 11. Rc1 Na5 12. Bd3 c4 13. Bb1 Bd7 14. h4 Rad8
15. Nf4 Nc6 16. h5 Bc8 17. hxg6 fxg6 18. Nd5 Qd6 19. Bg5 Rde8 20. Qa4 e5 21.
Qxc4 Be6 22. dxe5 Bxe5 23. Rcd1 Kg7 24. Qb5 Qb8 25. Qd3 Bh2+ 26. Kh1 Be5 27. f4
Bd6 28. c4 Rf7 29. Qc3+ Kg8 30. Nf6+ Rxf6 31. Qxf6 Be7 32. Qxe6+ Kh8 33. Bf6+
Bxf6 34. Qxf6+ Kg8 35. Rd7 Rf8 36. Qg7# 1-0

[Event "Køge Bugt Sommer 2011"]
[Site "Solrod Skole"]
[Date "2011.08.17"]
[Round "1.5"]
[White "Nielsen, Steen"]
[Black "Jensen, Tom B"]
[Result "1-0"]
[WhiteElo "1574"]
[BlackElo "1468"]
[PlyCount "89"]
[EventDate "2011.??.??"]
[WhiteTeam "Solrød Skakklub"]
[BlackTeam "Tåstrup Skakforening"]

1. d4 d5 2. c4 e6 3. Nf3 c6 4. Nc3 Nf6 5. e3 Nbd7 6. cxd5 cxd5 7. Bd3 Bd6 8.
O-O b6 9. a4 Bb7 10. b3 Rc8 11. Nb5 Bb8 12. Ba3 Nf8 13. Qd2 a6 14. Nc3 Bd6 15.
Rfc1 Bxa3 16. Rxa3 N8d7 17. b4 O-O 18. Rc2 Qe7 19. Rb3 h6 20. Qc1 e5 21. dxe5
Nxe5 22. Nxe5 Qxe5 23. h3 Qg5 24. Bf1 Qg6 25. Rbb2 Qf5 26. Ne2 Ne4 27. Nd4 Qd7
28. a5 b5 29. Be2 g6 30. Qd1 Nd6 31. Bg4 f5 32. Bf3 Nc4 33. Rb3 Rce8 34. Qe1
Re7 35. Rd3 Qe8 36. Rd1 Kh7 37. Ne2 Qf7 38. Rd4 Rd8 39. Qd1 Red7 40. Nf4 g5 41.
Nd3 Qe7 42. Nc5 Nxe3 43. fxe3 Qxe3+ 44. Kh1 Re7 45. Re2 1-0

[Event "Køge Bugt Sommer 2011"]
[Site "Solrod Skole"]
[Date "2011.08.17"]
[Round "1.6"]
[White "Larsen, Paul M"]
[Black "Refsgaard, Kaj"]
[Result "1/2-1/2"]
[WhiteElo "1420"]
[BlackElo "1531"]
[PlyCount "106"]
[EventDate "2011.??.??"]
[WhiteTeam "Haslev Skakklub"]
[BlackTeam "Jernbanens Skakklub"]

1. Nf3 Nf6 2. c4 c5 3. Nc3 g6 4. d4 cxd4 5. Nxd4 Bg7 6. e4 d6 7. Be2 O-O 8. f4
Nc6 9. Nf3 a6 10. O-O Ng4 11. Kh1 Qb6 12. Qe1 Ne3 13. Nd5 Qa7 14. Bxe3 Nd4 15.
Bxd4 Bxd4 16. Nxd4 Qxd4 17. Nxe7+ Kh8 18. Nxc8 Raxc8 19. Qc3 Qxc3 20. bxc3 Kg7
21. Rab1 Rc7 22. Rfd1 Rd8 23. e5 d5 24. cxd5 Rxc3 25. h3 Rc2 26. Bf3 b5 27.
Rbc1 Rxa2 28. d6 Ra4 29. d7 Kf8 30. g3 Ke7 31. Bg4 Ra3 32. Rc8 h5 33. f5 gxf5
34. Bxf5 Rxg3 35. Rg1 Rxg1+ 36. Kxg1 a5 37. e6 fxe6 38. Bxe6 b4 39. Kf2 b3 40.
Rxd8 Kxd8 41. Bxb3 Kxd7 42. Kg3 Ke7 43. Kh4 Kf6 44. Kxh5 Kg7 45. Kg4 a4 46.
Bxa4 Kh8 47. Kg5 Kg7 48. Bc2 Kg8 49. Kg6 Kh8 50. h4 Kg8 51. h5 Kh8 52. h6 Kg8
53. h7+ Kh8 1/2-1/2

[Event "Køge Bugt Sommer 2011"]
[Site "Solrod Skole"]
[Date "2011.08.17"]
[Round "1.7"]
[White "Jørgensen, Leif"]
[Black "Christensen, Peter"]
[Result "1/2-1/2"]
[WhiteElo "1412"]
[BlackElo "1229"]
[PlyCount "58"]
[EventDate "2011.??.??"]
[WhiteTeam "Solrød Skakklub"]
[BlackTeam "Køge Skakklub"]

1. e4 c5 2. Nc3 Nc6 3. Nf3 d6 4. h3 a6 5. Be2 Nf6 6. d3 g6 7. Be3 e5 8. a3 Bg7
9. Qd2 Bd7 10. Bh6 O-O 11. Bxg7 Kxg7 12. O-O Rc8 13. Nd1 Nd4 14. Nxd4 cxd4 15.
Rc1 Rc6 16. f3 Qe7 17. c3 Rfc8 18. c4 Rh8 19. Nf2 h5 20. Bd1 Rcc8 21. Qg5 Qe8 {
=} 22. Qd2 Qe7 23. Qb4 Rc7 24. Be2 Rhc8 25. b3 Be6 26. Rc2 Nd7 27. Rfc1 Nc5 28.
Rb2 Qg5 29. Qe1 Rb8 1/2-1/2

[Event "Køge Bugt Sommer 2011"]
[Site "Solrod Skole"]
[Date "2011.08.17"]
[Round "1.8"]
[White "Thinggaard, Jørgen"]
[Black "Trærup, Jørgen"]
[Result "0-1"]
[WhiteElo "1220"]
[BlackElo "1319"]
[PlyCount "112"]
[EventDate "2011.??.??"]
[WhiteTeam "Vejlby-Risskov Skakklub"]
[BlackTeam "BMS Skak"]

1. e4 e5 2. Nf3 d6 3. Bb5+ c6 4. Ba4 Nf6 5. d3 Bg4 6. O-O Be7 7. h3 Bh5 8. Nc3
O-O 9. Ne2 Nbd7 10. Ng3 Bg6 11. Nh4 b5 12. Bb3 a5 13. Nxg6 hxg6 14. a4 b4 15.
Be3 c5 16. c3 Nb6 17. cxb4 axb4 18. Qd2 Nbd7 19. Bd5 Nxd5 20. exd5 Nf6 21. b3
Nxd5 22. f4 exf4 23. Bxf4 Nxf4 24. Rxf4 Bg5 25. Raf1 Bxf4 26. Rxf4 Qe7 27. Re4
Qf6 28. Rf4 Qe5 29. Qf2 Rae8 30. Ne4 Re6 31. Qh4 Qd4+ 32. Kh2 Qe5 33. Ng5 Rfe8
34. Qh7+ Kf8 35. Qh8+ Ke7 36. Qh4 Rf6 37. g3 Qe2+ 38. Kg1 Qe3+ 39. Kg2 Kd7 40.
Ne4 Rxf4 41. gxf4 Qxd3 42. Nf2 Qd5+ 43. Kg3 Re3+ 44. Kh2 Qxb3 45. Qg4+ Qe6 46.
Qg2 d5 47. a5 Ra3 48. Ng4 Rxa5 49. Ne5+ Ke8 50. Qf2 d4 51. Qh4 Ra2+ 52. Kg3
Ra3+ 53. Kf2 Rxh3 54. Qg5 Qa2+ 55. Kf1 Rh1+ 56. Qg1 Qa1+ 0-1

[Event "Køge Bugt Sommer 2011"]
[Site "Solrod Skole"]
[Date "2011.08.17"]
[Round "1.9"]
[White "Nielsen, Michael"]
[Black "Wieland, Carsten"]
[Result "1-0"]
[WhiteElo "1247"]
[BlackElo "1146"]
[PlyCount "105"]
[EventDate "2011.??.??"]
[WhiteTeam "Sjælsø Skakklub"]
[BlackTeam "Solrød Skakklub"]

1. d4 d5 2. Bf4 Nf6 3. c4 e6 4. Nc3 Bb4 5. a3 Bxc3+ 6. bxc3 O-O 7. e3 b6 8. Nf3
Bb7 9. Bd3 Nbd7 10. O-O Qc8 11. Ne5 c5 12. Qc2 dxc4 13. Nxc4 cxd4 14. exd4 Qc6
15. f3 g6 16. a4 Rac8 17. Rac1 Nh5 18. Be3 Rfe8 19. a5 Qd5 20. axb6 axb6 21.
Nd2 b5 22. Be4 Qd6 23. Bxb7 Rb8 24. Be4 Rec8 25. Bd3 b4 26. Rb1 Rxc3 27. Nc4
Qe7 28. Qe2 e5 29. Bd2 Rxc4 30. Bxc4 Qd6 31. Bb5 Nf4 32. Bxf4 Qxd4+ 33. Be3 Qd5
34. Rxb4 Qb7 35. Rd1 Nf6 36. Bg5 Nd5 37. Rxd5 Qxd5 38. Bc4 Qa8 39. Rxb8+ Qxb8
40. Qd3 Qa7+ 41. Be3 Qa1+ 42. Kf2 Qb2+ 43. Kg3 Qb8 44. f4 g5 45. fxe5 Qxe5+ 46.
Kf2 Qb2+ 47. Qd2 Qf6+ 48. Ke2 Qg6 49. Qd8+ Kg7 50. Bd4+ f6 51. Qe7+ Kh6 52.
Qf8+ Kh5 53. Bf7 1-0

[Event "Koge Bugt Sommer 2011"]
[Site "Solror Gml. Skole"]
[Date "2011.08.28"]
[Round "2.1"]
[White "Petrovski, Petruli"]
[Black "Orup, Kim Amdi"]
[Result "1/2-1/2"]
[WhiteElo "1724"]
[BlackElo "1662"]
[PlyCount "85"]
[EventDate "2011.??.??"]
[WhiteTeam "Skakklub Perlen"]
[BlackTeam "Solrød Skakklub"]

1. Nf3 Nf6 2. g3 g6 3. Bg2 Bg7 4. O-O O-O 5. d3 c6 6. e4 d6 7. Nc3 Bg4 8. h3
Bxf3 9. Bxf3 Nbd7 10. Be3 e5 11. Re1 Ne8 12. Qd2 h5 13. Rad1 Bf6 14. Ne2 Be7
15. c3 Ng7 16. Bg2 g5 17. d4 f6 18. Qc2 Qe8 19. Qb3+ Kh7 20. Qc2 Qg6 21. Rd2
Nb6 22. b3 Rad8 23. Red1 Kh8 24. a4 f5 25. dxe5 dxe5 26. exf5 Qxf5 27. Qxf5
Nxf5 28. Bxb6 axb6 29. Rxd8 Rxd8 30. Rxd8+ Bxd8 31. Kf1 Kg7 32. Be4 Ne7 33. c4
Kf7 34. g4 h4 35. Nc3 Ke6 36. Ke2 Bc7 37. b4 Bd6 38. b5 Bb4 39. Nd1 Kd6 40. Kd3
Be1 41. f3 Bg3 42. Ne3 Bf2 43. Nf5+ 1/2-1/2

[Event "Koge Bugt Sommer 2011"]
[Site "Solror Gml. Skole"]
[Date "2011.08.28"]
[Round "2.2"]
[White "Kristensen, Benny"]
[Black "Christensen, Verner"]
[Result "1/2-1/2"]
[WhiteElo "1628"]
[BlackElo "1713"]
[PlyCount "104"]
[EventDate "2011.??.??"]
[WhiteTeam "Skovbo Skakklub"]
[BlackTeam "Solrød Skakklub"]

1. e4 e5 2. Nf3 Nc6 3. Bb5 Bc5 4. O-O d6 5. h3 Bd7 6. d3 Nf6 7. c3 a6 8. Ba4 b5
9. Bc2 O-O 10. d4 Bb6 11. Bg5 h6 12. Be3 Qe7 13. dxe5 dxe5 14. Bxb6 cxb6 15.
Qe2 Nh5 16. Kh2 Nf4 17. Qe3 Qf6 18. Nbd2 Ne7 19. Rad1 Rfd8 20. Rg1 g5 21. g4
Neg6 22. Rg3 Rac8 23. Bb3 Be8 24. Rgg1 Rd3 25. Qe1 Nh4 26. Rg3 Rcd8 27. Bc2
Nxf3+ 28. Nxf3 Rxd1 29. Bxd1 Qd6 30. Bc2 Kg7 31. Rg1 f6 32. Qe3 Qc5 33. Re1 Bf7
34. Kg3 Bc4 35. Qxc5 bxc5 36. Bb3 Bxb3 37. axb3 Kf7 38. h4 Ke7 39. hxg5 hxg5
40. Rh1 Ne2+ 41. Kg2 Nf4+ 42. Kg3 Ne2+ 43. Kg2 Nf4+ 44. Kg3 Rf8 45. Rh7+ Rf7
46. Rh1 Ke6 47. Rh6 Ke7 48. Rh1 Ne2+ 49. Kg2 Nf4+ 50. Kg3 Ne2+ 51. Kg2 Nf4+ 52.
Kg3 Ne2+ 1/2-1/2

[Event "Koge Bugt Sommer 2011"]
[Site "Solror Gml. Skole"]
[Date "2011.08.28"]
[Round "2.3"]
[White "Hansen, Erik Levin"]
[Black "Pondal, Jesper"]
[Result "0-1"]
[WhiteElo "1584"]
[BlackElo "1848"]
[PlyCount "68"]
[EventDate "2011.??.??"]
[WhiteTeam "Haslev Skakklub"]
[BlackTeam "Køge Skakklub"]

1. e4 c5 2. Nf3 a6 3. d4 cxd4 4. Nxd4 d6 5. c4 g6 6. Nc3 Bg7 7. Be3 Nc6 8. Qd2
Bd7 9. Be2 Nf6 10. f3 Rc8 11. Rb1 O-O 12. O-O Ne5 13. b3 Re8 14. Rfc1 h5 15.
Nd1 Bc6 16. Nf2 Bd7 17. a4 Qc7 18. Nd3 Nxd3 19. Bxd3 Qb8 20. Ne2 Bc6 21. h3
Rcd8 22. Qc2 e6 23. Bg5 Qa7+ 24. Kh1 Rd7 25. Qd2 d5 26. Qf4 e5 27. Qh4 dxe4 28.
Bxe4 Nxe4 29. fxe4 Re6 30. Nc3 f6 31. Nb5 fxg5 32. Qxg5 axb5 33. axb5 Bxe4 34.
Ra1 Qc5 0-1

[Event "Koge Bugt Sommer 2011"]
[Site "Solror Gml. Skole"]
[Date "2011.08.28"]
[Round "2.4"]
[White "Zivkovic, Milenko"]
[Black "Nielsen, Steen"]
[Result "1-0"]
[WhiteElo "1827"]
[BlackElo "1574"]
[PlyCount "109"]
[EventDate "2011.??.??"]
[WhiteTeam "Skakklub Perlen"]
[BlackTeam "Solrød Skakklub"]

1. d4 d5 2. e4 c6 3. Nd2 dxe4 4. Nxe4 Nd7 5. Nf3 Ngf6 6. Ng3 e6 7. Bd3 Qc7 8.
Qe2 Be7 9. O-O O-O 10. Re1 c5 11. Bg5 h6 12. h4 Re8 13. Ne5 Nxe5 14. dxe5 hxg5
15. exf6 Bxf6 16. hxg5 Bxg5 17. Qh5 Bh6 18. Nf5 Qf4 19. Re5 Bd7 20. Nd6 Rf8 21.
g3 Qd4 22. Rd1 Qxb2 23. Rxc5 Bc6 24. Re5 Rad8 25. Nc4 Qc3 26. g4 Rd5 27. Rxd5
Bxd5 28. Ne5 Qc7 29. Re1 Qe7 30. f4 Qb4 31. Rf1 Qd4+ 32. Rf2 Be4 33. g5 Qa1+
34. Rf1 Qd4+ 35. Kh2 Bxd3 36. Nxd3 Qe3 37. gxh6 Rc8 38. hxg7 Rxc2+ 39. Kh1 Qe4+
40. Rf3 Kxg7 41. Qg5+ Kf8 42. Qd8+ Kg7 43. Qg5+ Kf8 44. Qg3 Rd2 45. a3 Rd1+ 46.
Kh2 Rd2+ 47. Nf2 Qh7+ 48. Kg2 Qe4 49. Qg5 Qc6 50. Kg3 Qc2 51. Qe5 Qc1 52. Qh8+
Ke7 53. Qh4+ Kf8 54. Qh2 Qe1 55. Rc3 1-0

[Event "Koge Bugt Sommer 2011"]
[Site "Solror Gml. Skole"]
[Date "2011.08.28"]
[Round "2.5"]
[White "Trærup, Jørgen"]
[Black "Krogh, Peter Ove"]
[Result "1-0"]
[WhiteElo "1319"]
[BlackElo "1756"]
[PlyCount "93"]
[EventDate "2011.??.??"]
[WhiteTeam "BMS Skak"]
[BlackTeam "Køge Skakklub"]

1. d4 Nf6 2. c4 e6 3. Bg5 h6 4. Bf4 Bb4+ 5. Bd2 c5 6. Bxb4 cxb4 7. Nf3 O-O 8.
Nbd2 d5 9. e3 b6 10. Be2 Nbd7 11. b3 Bb7 12. O-O Qe7 13. Re1 Rac8 14. Rc1 Kh8
15. Rc2 g5 16. h3 Rg8 17. Ne5 Nxe5 18. dxe5 Nd7 19. cxd5 exd5 20. Rxc8 Rxc8 21.
Bg4 Rd8 22. Bxd7 Rxd7 23. Qa1 Kg8 24. Qd4 Rc7 25. h4 Rc6 26. Nf3 Re6 27. hxg5
hxg5 28. Nh2 Qc5 29. Ng4 Kf8 30. Nf6 Ke7 31. Rd1 a5 32. Nxd5+ Qxd5 33. Qxd5
Bxd5 34. Rxd5 Rc6 35. Rd2 Ke6 36. Rd6+ Rxd6 37. exd6 Kxd6 38. f4 Kd5 39. fxg5
Kc5 40. Kf2 Kb5 41. e4 a4 42. bxa4+ Kxa4 43. e5 Ka3 44. g6 fxg6 45. e6 Kxa2 46.
e7 b3 47. e8=Q 1-0

[Event "Koge Bugt Sommer 2011"]
[Site "Solror Gml. Skole"]
[Date "2011.08.28"]
[Round "2.6"]
[White "Refsgaard, Kaj"]
[Black "Sørensen, Aron Frank"]
[Result "1-0"]
[WhiteElo "1531"]
[BlackElo "1489"]
[PlyCount "95"]
[EventDate "2011.??.??"]
[WhiteTeam "Jernbanens Skakklub"]
[BlackTeam "Solrød Skakklub"]

1. Nf3 c5 2. c4 Nf6 3. Nc3 e6 4. d3 Be7 5. g3 b6 6. Bg2 Bb7 7. O-O O-O 8. Qc2
d6 9. Bg5 Nbd7 10. Bf4 a6 11. e4 Qc7 12. Rfe1 Ne5 13. Rad1 Rac8 14. a3 Rfd8 15.
b3 Nxf3+ 16. Bxf3 Nd7 17. Bg2 Bf6 18. Qd2 Ne5 19. Bg5 Qe7 20. Bxf6 Qxf6 21. f4
Nc6 22. e5 dxe5 23. fxe5 Qe7 24. Qf4 Rd4 25. Qe3 Rcd8 26. Ne2 R4d7 27. Nf4 Nd4
28. Bxb7 Rxb7 29. Rf1 Nxb3 30. Qf3 Nd4 31. Qg4 Nf5 32. Nh5 Rd4 33. Nf6+ Kh8 34.
Qg5 h6 35. Qh5 Ne3 36. Rde1 Nxf1 37. Rxf1 Qf8 38. Ne4 Rxe4 39. dxe4 Rd7 40. Qg4
Rd4 41. Qh5 Rxe4 42. Rxf7 Qa8 43. Qg6 Re1+ 44. Kf2 Rf1+ 45. Kxf1 Qh1+ 46. Ke2
Qxh2+ 47. Rf2 Qh1 48. Rf8# 1-0

[Event "Koge Bugt Sommer 2011"]
[Site "Solror Gml. Skole"]
[Date "2011.08.28"]
[Round "2.7"]
[White "Jørgensen, Leif"]
[Black "Larsen, Paul M"]
[Result "0-1"]
[WhiteElo "1412"]
[BlackElo "1420"]
[PlyCount "98"]
[EventDate "2011.??.??"]
[WhiteTeam "Solrød Skakklub"]
[BlackTeam "Haslev Skakklub"]

1. d4 Nf6 2. c4 e6 3. Nc3 Bb4 4. Bd2 b6 5. a3 Be7 6. e4 d6 7. Nf3 Bb7 8. Bd3
O-O 9. d5 c5 10. Qc2 e5 11. Ne2 Na6 12. b4 Qd7 13. Ng3 Rfd8 14. h4 Bf8 15. Bg5
Be7 16. Qd2 Ng4 17. Bxe7 Qxe7 18. Nf5 Qf6 19. h5 Bc8 20. Ng3 Qh6 21. b5 Qxd2+
22. Nxd2 Nc7 23. Rh4 Nf6 24. Be2 g6 25. O-O-O a6 26. hxg6 fxg6 27. Kb2 axb5 28.
cxb5 Bd7 29. f4 exf4 30. Rxf4 Kg7 31. Nc4 Bxb5 32. Rdf1 Nce8 33. Ra1 Bxc4 34.
Bxc4 Nc7 35. Raf1 Rf8 36. Re1 Nd7 37. Rxf8 Rxf8 38. Re2 b5 39. Bd3 Ne5 40. Bb1
Ra8 41. Kb3 Nc4 42. Ra2 Ne5 43. Ne2 Rf8 44. Ng1 Rf1 45. Nf3 Rxb1+ 46. Kc2 Rf1
47. Nxe5 Rf2+ 48. Kb1 Rxa2 49. Kxa2 dxe5 0-1

[Event "Koge Bugt Sommer 2011"]
[Site "Solror Gml. Skole"]
[Date "2011.08.28"]
[Round "2.8"]
[White "Jensen, Tom B"]
[Black "Johannsen, Bjørn"]
[Result "0-1"]
[WhiteElo "1468"]
[BlackElo "1576"]
[PlyCount "60"]
[EventDate "2011.??.??"]
[WhiteTeam "Tåstrup Skakforening"]
[BlackTeam "Haslev Skakklub"]

1. e4 b6 2. Nc3 Bb7 3. Bc4 e6 4. a3 Nf6 5. d3 h6 6. Bd2 d5 7. exd5 exd5 8. Qe2+
Be7 9. Bb3 O-O 10. O-O-O c5 11. f3 Re8 12. Qf1 Nc6 13. Nge2 a6 14. Ng3 Nd4 15.
Ba2 b5 16. Nce2 Nxe2+ 17. Nxe2 Qd7 18. Nc3 a5 19. Kb1 b4 20. axb4 axb4 21. Ne2
Rxa2 22. Kxa2 Qa4+ 23. Kb1 Ra8 24. c3 Qa1+ 25. Kc2 Qa4+ 26. Kc1 b3 27. Bf4 Qa1+
28. Kd2 Qxb2+ 29. Ke3 d4+ 30. cxd4 Nd5+ 0-1

[Event "Koge Bugt Sommer 2011"]
[Site "Solror Gml. Skole"]
[Date "2011.08.28"]
[Round "2.9"]
[White "Christensen, Peter"]
[Black "Nielsen, Michael"]
[Result "0-1"]
[WhiteElo "1229"]
[BlackElo "1247"]
[PlyCount "60"]
[EventDate "2011.??.??"]
[WhiteTeam "Køge Skakklub"]
[BlackTeam "Sjælsø Skakklub"]

1. d4 d6 2. c4 g6 3. Nc3 Bg7 4. e4 Nc6 5. d5 Nd4 6. Be3 c5 7. Nge2 Qb6 8. Qd2
Bg4 9. Ng1 a6 10. f3 Bd7 11. Bd3 e6 12. Nge2 Ne7 13. O-O O-O 14. Rfb1 Qc7 15.
Bc2 e5 16. b4 b6 17. a4 f5 18. b5 a5 19. Rf1 Rf7 20. f4 Nxe2+ 21. Qxe2 exf4 22.
Bxf4 Bxc3 23. Rad1 Bd4+ 24. Kh1 fxe4 25. Bxe4 Nf5 26. g4 Ng7 27. Qg2 Raf8 28.
Qg3 g5 29. Qh3 Ne8 30. Kg2 Nf6 0-1

[Event "Koge Bugt Sommer 2011"]
[Site "Solror Gml. Skole"]
[Date "2011.08.28"]
[Round "2.10"]
[White "Kieldsen, Seier"]
[Black "Thinggaard, Jørgen"]
[Result "0-1"]
[WhiteElo "1000"]
[BlackElo "1220"]
[PlyCount "56"]
[EventDate "2011.??.??"]
[WhiteTeam "Solrød Skakklub"]
[BlackTeam "Vejlby-Risskov Skakklub"]

1. d4 d5 2. Nf3 Nf6 3. Nc3 e6 4. Bg5 Bb4 5. e3 O-O 6. Bb5 a6 7. a3 Bxc3+ 8.
bxc3 axb5 9. Qb1 c6 10. O-O Nbd7 11. Qb4 h6 12. Bxf6 Qxf6 13. a4 Qf5 14. axb5
Rxa1 15. Rxa1 cxb5 16. Qxb5 Qxc2 17. Ra3 Qc1+ 18. Qf1 Qxa3 19. Qd3 b6 20. h3
Ba6 21. Qc2 Rc8 22. Qb1 Rxc3 23. Kh2 Rc1 24. Nd2 Rxb1 25. Nxb1 Qb2 26. g4 Qxf2+
27. Kh1 Bf1 28. Nd2 Qg2# 0-1

[Event "Koge Bugt Sommer 2011"]
[Site "Solrod Gml. Skole"]
[Date "2011.08.31"]
[Round "3.1"]
[White "Nielsen, Michael"]
[Black "Trærup, Jørgen"]
[Result "1-0"]
[WhiteElo "1247"]
[BlackElo "1319"]
[PlyCount "139"]
[EventDate "2011.??.??"]
[WhiteTeam "Sjælsø Skakklub"]
[BlackTeam "BMS Skak"]

1. d4 d5 2. Bf4 Nf6 3. e3 e6 4. Bd3 Bd6 5. Ne2 Nc6 6. O-O Nb4 7. Bb5+ c6 8. Ba4
b5 9. Bb3 a5 10. c3 Na6 11. Nd2 Bxf4 12. Nxf4 c5 13. Nf3 c4 14. Bc2 Ne4 15.
Bxe4 dxe4 16. Nd2 Bb7 17. Qg4 Qf6 18. Nh5 Qg6 19. Qe2 O-O 20. b3 Bd5 21. bxc4
bxc4 22. Nf4 Qg5 23. Nxc4 Bxc4 24. Qxc4 Rfc8 25. Qb3 Rab8 26. Qa3 Qd8 27. Rfd1
g6 28. Rac1 Rc4 29. Rd2 Rbc8 30. Qb3 e5 31. Ne2 exd4 32. Rxd4 Rxd4 33. cxd4 Rb8
34. Qd1 Nb4 35. a3 Nd3 36. Rc2 Qd6 37. Rc3 a4 38. g3 Rb2 39. Kf1 Qf6 40. f4 Qb6
41. Kg2 Rb1 42. Qd2 Ne1+ 43. Kf2 Nf3 44. Qc2 Nxh2 45. Qxe4 Rf1+ 46. Kg2 Re1 47.
Qc2 Ng4 48. Kf3 Nh2+ 49. Kf2 Qb1 50. Qxb1 Rxb1 51. Rc4 Rb2 52. Rxa4 Ng4+ 53.
Kf3 h5 54. Rb4 Ra2 55. a4 Ra3 56. Rb8+ Kg7 57. Re8 Rxa4 58. d5 Nf6 59. Re5 Kf8
60. d6 Ra8 61. Nd4 Rd8 62. Nb5 Nd7 63. Rd5 Nb6 64. Rd1 Ke8 65. e4 Kd7 66. e5
Nc8 67. Ke4 Kc6 68. Nd4+ Kd7 69. f5 gxf5+ 70. Kxf5 1-0

[Event "Koge Bugt Sommer 2011"]
[Site "Solrod Gml. Skole"]
[Date "2011.08.31"]
[Round "3.2"]
[White "Larsen, Paul M"]
[Black "Petrovski, Petruli"]
[Result "0-1"]
[WhiteElo "1420"]
[BlackElo "1724"]
[PlyCount "102"]
[EventDate "2011.??.??"]
[WhiteTeam "Haslev Skakklub"]
[BlackTeam "Skakklub Perlen"]

1. Nf3 Nf6 2. c4 g6 3. Nc3 Bg7 4. d4 d6 5. e3 O-O 6. Be2 Na6 7. a3 c5 8. O-O b6
9. Rb1 Bb7 10. d5 Nc7 11. Qc2 e6 12. e4 exd5 13. exd5 Bc8 14. Nd2 Re8 15. f3
Nh5 16. Nde4 Bd4+ 17. Kh1 Qe7 18. Bg5 f6 19. Bh4 g5 20. Bf2 f5 21. Ng3 Nxg3+
22. Bxg3 f4 23. Bf2 Bxf2 24. Rxf2 Qg7 25. Ne4 Bf5 26. Bd3 Bxe4 27. Bxe4 Re7 28.
Re1 Rae8 29. Rfe2 b5 30. b3 bxc4 31. bxc4 h5 32. Bh7+ Kh8 33. Rxe7 Rxe7 34.
Rxe7 Qxe7 35. Be4 Qe5 36. Qb1 Kg7 37. Bh7 Qf6 38. h3 g4 39. Qf5 Qa1+ 40. Qb1
Qxb1+ 41. Bxb1 g3 42. Kg1 h4 43. Kf1 Kf6 44. Ke2 Ke5 45. Kd3 a5 46. Kc3 Na8 47.
Bc2 Nb6 48. Kd3 Nd7 49. Kc3 Nf6 50. Kd3 Ng4 51. fxg4 f3 0-1

[Event "Koge Bugt Sommer 2011"]
[Site "Solrod Gml. Skole"]
[Date "2011.08.31"]
[Round "3.3"]
[White "Christensen, Verner"]
[Black "Refsgaard, Kaj"]
[Result "1-0"]
[WhiteElo "1713"]
[BlackElo "1531"]
[PlyCount "42"]
[EventDate "2011.??.??"]
[WhiteTeam "Solrød Skakklub"]
[BlackTeam "Jernbanens Skakklub"]

1. e4 c5 2. d4 cxd4 3. c3 d3 4. c4 g6 5. Nc3 Bg7 6. Bxd3 Nc6 7. Nf3 b6 8. O-O
d6 9. h3 Nf6 10. Bg5 O-O 11. Qe2 Bd7 12. Rac1 Rc8 13. Bb1 h6 14. Bh4 Nh5 15.
Nd5 Qe8 16. Rfd1 f5 17. exf5 g5 18. Bg3 Nxg3 19. fxg3 Bxf5 20. Bxf5 Rxf5 21.
Qe6+ Qf7 1-0

[Event "Koge Bugt Sommer 2011"]
[Site "Solrod Gml. Skole"]
[Date "2011.08.31"]
[Round "3.4"]
[White "Orup, Kim Amdi"]
[Black "Kristensen, Benny"]
[Result "0-1"]
[WhiteElo "1662"]
[BlackElo "1628"]
[PlyCount "118"]
[EventDate "2011.??.??"]
[WhiteTeam "Solrød Skakklub"]
[BlackTeam "Skovbo Skakklub"]

1. e4 d5 2. exd5 Qxd5 3. Nc3 Qa5 4. d3 Nf6 5. Bd2 c6 6. Nf3 Bf5 7. Ne4 Qd8 8.
Nxf6+ exf6 9. Qe2+ Qe7 10. Qxe7+ Bxe7 11. Nd4 Bd7 12. Be2 O-O 13. O-O c5 14.
Nf3 Nc6 15. Be3 Be6 16. a3 Rfd8 17. Rad1 Rac8 18. h3 Nd4 19. Bxd4 cxd4 20. Rc1
Rc5 21. Bd1 a5 22. Re1 Rb5 23. Re4 Bc5 24. b3 Bf5 25. a4 Bxe4 26. axb5 Bf5 27.
Be2 Bb4 28. g4 Be6 29. Kf1 b6 30. Bd1 h5 31. Nh2 Rd5 32. f4 Bd2 33. Ra1 Bxf4
34. Nf3 hxg4 35. hxg4 Bxg4 36. Ra4 Bxf3 37. Bxf3 Rd6 38. b4 Bd2 39. bxa5 Bxa5
40. Rc4 g6 41. Rc8+ Kg7 42. Rc7 f5 43. Rc6 Rd7 44. Kf2 Kh6 45. Kg3 Kg5 46. Rc4
f4+ 47. Kf2 f5 48. Ra4 Kh4 49. Ra1 Kg5 50. Rg1+ Kf6 51. Rh1 Bb4 52. Rb1 Bc5 53.
Rh1 Ra7 54. Bd5 Rg7 55. Rh6 Kg5 56. Rh1 Kf6 57. Rh6 Bb4 58. Rh1 g5 59. Rh2 Bc5
0-1